Giáo trình lịch sử Đảng cộng sản Việt Nam Dùng trong các trường đại học, cao đẳng

Trình bày lịch sử ra đời của Đảng Cộng Sản Việt Nam. Các sự kiện cơ bản về lịch sử qua các thời kỳ mà Đảng lãnh đạo; đấu tranh dành chính quyền (1930 - 1945); Cuộc kháng chiến chống thực dân Pháp và can thiệp Mỹ (1954 - 1975). Xây dựng XHCN ở Miền Bắc và kháng chiến chống Mỹ ở Miền Nam (1954 - 1975)...

पूर्ण विवरण

में बचाया:
ग्रंथसूची विवरण
निगमित लेखक: Bộ giáo dục và đào tạo
अन्य लेखक: Trình Mưu (ch.b.), Ngô Quang Định (b.s.), Vũ Quang Hiển (b.s.), Lê Văn Thai (b.s.)
स्वरूप: पुस्तक
भाषा:Vietnamese
प्रकाशित: H. Chính trị Quốc gia 2005
संस्करण:Tái bản lần thứ 1
विषय:
टैग : टैग जोड़ें
कोई टैग नहीं, इस रिकॉर्ड को टैग करने वाले पहले व्यक्ति बनें!
Thư viện lưu trữ: Mạng thư viện Đại học Đà Nẵng
LEADER 01793aam a22004098a 4500
001 000007579
003 3742
005 20111007081029.0
008 111007s2005 viesd
020 |c 18000đ  |d 10000b 
041 |a vie 
082 1 4 |2 14  |a 324.25970707  |b Gia 
084 |b GI000T 
084 |a R61(1)2z73 
110 |a Bộ giáo dục và đào tạo 
245 0 0 |a Giáo trình lịch sử Đảng cộng sản Việt Nam  |b Dùng trong các trường đại học, cao đẳng  |c B.s.: Lê Mậu Hãn, Trình Mưu (đồng ch.b.), Vũ Quang Hiển.. 
250 |a Tái bản lần thứ 1 
260 |a H.  |b Chính trị Quốc gia  |c 2005 
300 |a 351 tr.  |c 21 cm. 
500 |a ĐTTS ghi: Bộ Giáo dục và Đào tạo 
520 |a Trình bày lịch sử ra đời của Đảng Cộng Sản Việt Nam. Các sự kiện cơ bản về lịch sử qua các thời kỳ mà Đảng lãnh đạo; đấu tranh dành chính quyền (1930 - 1945); Cuộc kháng chiến chống thực dân Pháp và can thiệp Mỹ (1954 - 1975). Xây dựng XHCN ở Miền Bắc và kháng chiến chống Mỹ ở Miền Nam (1954 - 1975); Thời kỳ quá độ lên CNXH và bảo vệ tổ quốc (1975 - 2002)... 
650 7 |2 Bộ TK TVQG  |a Đảng Cộng Sản Việt Nam 
650 7 |2 Bộ TK TVQG  |a Lịch sử 
655 7 |2 Bộ TK TVQG  |a Giáo trình 
700 0 |a Trình Mưu  |e ch.b. 
700 0 |a Ngô Quang Định  |e b.s. 
700 0 |a Vũ Quang Hiển  |e b.s. 
700 0 |a Lê Văn Thai  |e b.s. 
910 |a Huỳnh Thị Cẩm Lai  |d 05/10/2011 
OWN |a LSP 
999 |a From the UDN01 
TYP |a Monograph 
TYP |a Printed language 
980 |a Mạng thư viện Đại học Đà Nẵng